Sports Quiz

Random Sports or Football Quiz
Score 0/31 Timer 01:00
0 Plays Today
% Correct
Peyton Manning
93.5%
Brett Favre
92.7%
Jerry Rice
86.3%
Tom Brady
84.7%
Emmitt Smith
84.7%
Dan Marino
83.9%
Drew Brees
68.5%
Randy Moss
66.9%
Walter Payton
62.1%
LaDainian Tomlinson
60.5%
John Elway
57.3%
Jim Brown
56.5%
Tim Brown
56.5%
Terrell Owens
54%
Barry Sanders
50%
Cris Carter
41.1%
% Correct
Franco Harris
36.3%
Fran Tarkenton
33.9%
Warren Moon
30.6%
Marvin Harrison
30.6%
Jerome Bettis
29%
Tony Gonzalez
27.4%
Shaun Alexander
25.8%
Marcus Allen
23.4%
Johnny Unitas
22.6%
Vinny Testaverde
21%
Marshall Faulk
20.2%
Isaac Bruce
19.4%
Steve Largent
18.5%
Don Hutson
10.5%
John Riggins
7.3%
Remove Ads.
Support Sporcle.
Get the best of Sporcle when you Go Orange. This ad-free experience offers more features, more stats, and more fun while also helping to support Sporcle. Thank you for becoming a member.

You're not logged in!

Compare scores with friends on all Sporcle quizzes.
OR
Log In

Show Comments

Extras

Top Quizzes Today


Score Distribution

Your Account Isn't Verified!

In order to create a playlist on Sporcle, you need to verify the email address you used during registration. Go to your Sporcle Settings to finish the process.

Report this User

Report this user for behavior that violates our Community Guidelines.

Details: